| 000 | 00627nam a2200205Ia 4500 | ||
|---|---|---|---|
| 003 | GCL | ||
| 008 | 140319s9999 xx 000 0 ara d | ||
| 040 |
_aGCL / _cGCL |
||
| 082 | 0 | 4 |
_a823.03 _bد أ |
| 100 | 1 | _aنظمى لوقا | |
| 245 | 1 | 0 |
_aاوقات عصيبة / _cنظمى لوقا |
| 700 | 1 | _aديكنز ، تشارلس | |
| 260 |
_aالقاهرة : _bدار النهضة العربية ، _c1964 |
||
| 300 |
_a421 ص ؛ _c24 سم |
||
| 490 |
_aالالف كتاب _v0 |
||
| 650 | 0 | 4 | _aالادب العربى |
| 650 | 0 | 4 | _aالادب |
| 650 | 0 | 4 | _aالادب الانجليزى المترجم |
| 942 |
_2ddc _cBK |
||
| 999 |
_c39643 _d39643 |
||